The city in the Greek and Roman world

Saved in:
Bibliographic Details
Main Author: Owens, E. J. 1950-
Format: Book
Language:English
Published: London : Routledge , c1991
Subjects:
Tags: Add Tag
No Tags, Be the first to tag this record!

MARC

LEADER 00000nam a2200000 i 4500
001 1/79339
008 990504s1991 eng d
020 |a 0-415-08224-2 
035 |l 10050361 
040 |a GR-MY-UA  |b gre  |e aacr 
041 0 |a eng 
082 0 |a 307.760938 
100 1 |a Owens, E. J.  |d 1950- 
245 1 4 |a The city in the Greek and Roman world /  |c E.J. Owens 
260 |a London :   |b Routledge ,   |c c1991 
300 |a 210 p.  |b fig. 
504 |a Includes bibliographical references and index 
650 0 0 |a Cities and towns, Ancient  |z Rome. 
650 0 0 |a Cities and towns, Ancient  |z Greece. 
852 |a INST  |b LESVOS  |e 19990504  |h 307.760938 OWE  |p 005100016374  |q 005100016374  |t BK  |y 0 
901 |a BIBL1-1999-2 
909 |a Λ  |b 062216 
922 |a 1ΕΛΗ  |b 199812  |c ΚΠΣ/ΤΓ  |d LEADER 
950 |a 118-1998-10-19